Classical mechanics

Gespeichert in:
Bibliographische Detailangaben
1. Verfasser: JAIN, Vimal Kumar
Format: Buch
Sprache:Englisch
Veröffentlicht: Ane Books 2018
Tags: Tag hinzufügen
Keine Tags, Fügen Sie den ersten Tag hinzu!

MARC

LEADER 00000nam a22000007a 4500
008 210812b ||||| |||| 00| 0 eng d
020 |a 9789384726706 
100 |a JAIN, Vimal Kumar 
245 |a Classical mechanics  |c Vimal Kumar Jain  |g xii,284p.:ill. 
260 |b Ane Books  |c 2018  |h New Delhi  |i 696850  |i 696851  |l QA805.J19  |m Mechaniccs, Analytic 
500 |a It includes bibliography and index 
942 |a lcc  |c BK  |e Kuteyi, M. A.  |f 12/8/2021 
952 |0 0  |1 0  |2 lcc  |4 0  |6 QA0805 J19  |7 0  |9 3012  |a HOL  |b HOL  |c QZ  |d 2021-08-12  |l 0  |o QA805.J19  |p 2021-66705  |r 2021-08-12 00:00:00  |w 2021-08-12  |y BK 
952 |0 0  |1 0  |2 lcc  |4 0  |6 QA0805 J19  |7 0  |9 3013  |a HOL  |b SL  |c QZ  |d 2021-08-12  |l 0  |o QA805.J19  |p 2021-66706  |r 2021-08-12 00:00:00  |w 2021-08-12  |y BK 
999 |c 1526  |d 1526